00590nam a22001817a 450000500170000001000150001702000260003203500140005803700090007208200130008110000170009424500780011125000060018926000490019527001090024430000310035370000240038420240614143408.0 aENG-140616 c399.00a9788119896042 aEN-124148 bDBAD a574.524 aPranav Kumar aFundamentals of Ecology and Environment/cBy Pranav Kumar [and] Usha Mina a4 aNoidabPearson India Education Pvt Ltdc2024 a1st Floor, Berger Tower, Plot No. C-001/2, Sector 16BbNoidae201301mcompanysecretary.india@pearson.com axi,282p.c28cm(pbk)bIndex aMina, Usha eAuthor